000
00278nam a22001337a 4500
008
170927b xxu||||| |||| 00| 0 eng d
020
_a
9780669440430
041
_a
eng
080
_a
37
100
_a
46
101
_a
EDU
245
_a
WRITE AWAY
_c
KEMPER, D
942
_2
udc
_c
BK
999
_c
30099
_d
30099